000 00680nam a2200205Ii 4500
003 JO-AjNU
008 230606s9999||||xx |||||||||||||| ||und||
020 _a0-8247-0387-1
040 _aJO-AjNU
_beng
_erda
_cJO-AjNU
041 _aeng
050 1 4 _aTA654.C515 2001
100 3 _aCheng, Franklin ,
_eauthor
_94951
245 0 0 _aMatrix Analysis of Structural Dynamics Application and Eartquake Engineering
264 3 1 _aNew York :Basel ,2001
300 _a996p
336 _atext
_btxt
_2rdacontent
337 _aunmediated
_bn
_2rdamedia
338 _avolume
_bnc
_2rdacarrier
650 4 _aMatrix Analysis of Structural Dynamics Application and Eartquake Engineering
_94952
999 _aE2561
_c2559
_d2559